Linear models with R

Saved in:
Bibliographic Details
Main Author: Faraway, Julian J (Author)
Format: Book
Language:English
Published: Boca Ratón CRC Press 2015
Edition:2a. ed
Series:Texts in Statistical Science
Subjects:
Tags: Add Tag
No Tags, Be the first to tag this record!

MARC

LEADER 00000cam a2200000 a 4500
001 UCD6017
003 CL-VaPUC
008 161111e20150000us |||||||||||||||||eng|d
020 |a 9781439887332 
082 0 4 |a 519.72  |b FAR  |2 21 
100 |a Faraway, Julian J  |e author  |9 534832 
245 1 0 |a Linear models with R 
250 |a 2a. ed 
300 |a 274 p 
942 |c BK 
945 |d 20161111 10:35:00  |a dcastane 
260 |a Boca Ratón  |b CRC Press  |c 2015 
650 0 |a Programación lineal   |9 23 
650 0 |a Análisis de varianza   |9 336938 
650 0 |a Análisis de regresión   |9 263763 
650 0 |a Estadística matemática  |9 260028 
583 |a last modification  |c 20161111 10:35:00  |k Rodrigo Vera 
490 0 |a Texts in Statistical Science 
999 |c 366472  |d 366470 
952 |0 0  |1 0  |3 erd  |4 0  |6 519_720000000000000_FAR_2015  |7 0  |8 A  |9 480730  |a BIBGIM  |b BIBGIM  |i 5347874  |l 1  |o 519.72 FAR 2015  |p 5347874  |r 2025-01-15  |s 2023-07-24  |w 2019-11-24  |y BK  |z Catalogado en:20161111  |k EST